000 01071nam a22003131i 4500
001 134560
003 ES-MaACL
005 20230906194711.0
007 t|
008 070911s1980 sp ||||0| spa d
016 7 _zIBH8100917652
020 _a84-206-5217-2
080 _a55(03)
100 1 _aWhitten, D. G. A.
_9116718
245 1 0 _aDiccionario de geología /
_cD.G.A. Whitten y J.R.V. Brooks ; revisión técnica, J. A. Martínez Alvarez y M. Gutiérrez Claverol ; versión [del inglés] Juan José Ruiz Olavide.
260 _aMadrid :
_bAlianza Editorial,
_c[1980]
300 _a343 p. ;
_c24 cm.
490 1 _aAlianza diccionarios
504 _aBibliografía: p. 341-343.
650 1 4 _aGeología-
_vDiccionarios.
_913088
700 1 _aBrooks, J. R. V.
_931916
700 1 _aMartínez Alvarez, J. A.
_977849
700 1 _aGutiérrez Claverol, Manuel.
_961105
700 1 _aRuiz Olavide, Juan José.
_9100889
830 0 _aAlianza diccionarios
_9177801
852 _aES-MaACL
_jL-6900
_bR.106886
852 _aES-MaACL
_jL-563
999 _c134560
_d134560